000 00533nam a2200193Ia 4500
008 191130s1988##################000#0#eng##
020 _a9781850658566
040 _aACL
_cACL
082 _a363.325092 LIA
100 _aLia, Brynjar
245 _aArchitect of global jihad
_cBrynjar Lia
260 _aLondon
_bHurst & Company
_c1988
300 _axii,510 p
500 _aIncludes index and bibliographical reference
650 _aTerrorism
990 _a682253b8ac10000c2652363cf5d58271
991 _a307437
999 _c372676
_d372676